| 000 | 01099cam a2200277 a 4500 | ||
|---|---|---|---|
| 001 | 13375979 | ||
| 005 | 20250130172615.0 | ||
| 008 | 031016m20029999coua b 001 0 eng | ||
| 020 | _a1578565170 | ||
| 050 | 0 | 0 |
_aBV4012.2 _b.C575 2002 |
| 082 | 0 | 0 |
_a253.5 _222 |
| 245 | 0 | 0 |
_aCompetent Christian counseling / _cTimothy Clinton and George Ohlschlager, executive editors. |
| 250 | _a1st ed. | ||
| 260 |
_aColorado Springs, Colo. : _bWaterBrook Press, _cc2002- |
||
| 300 |
_av. <1 > : _bill. ; _c26 cm. |
||
| 500 | _aAt head of title: American Association of Christian Counselors. | ||
| 650 | 0 | _aPastoral counseling. | |
| 650 | 0 |
_aCounseling _xReligious aspects _xChristianity. |
|
| 650 | 0 | _aPastoral theology. | |
| 700 | 1 |
_aClinton, Timothy E., _d1960- |
|
| 700 | 1 |
_aOhlschlager, George W., _d1951- |
|
| 710 | 2 | _aAmerican Association of Christian Counselors. | |
| 856 | 4 | 2 |
_3Contributor biographical information _uhttp://www.loc.gov/catdir/bios/random055/2003279222.html |
| 856 | 4 | 2 |
_3Publisher description _uhttp://www.loc.gov/catdir/description/random043/2003279222.html |
| 942 |
_2lcc _cBK _n0 |
||
| 999 |
_c3270 _d3270 |
||